Welcome to the Holygrace Academy Library

Please use search bar below to get started

CONCISE GENERAL KNOWLEDGE (Record no. 6535)

MARC details
000 -LEADER
fixed length control field 00453nam a22001337a 4500
020 ## - INTERNATIONAL STANDARD BOOK NUMBER
ISBN 978-93-87766-35-8
082 ## - DEWEY DECIMAL CLASSIFICATION NUMBER
Classification number 001
Item number KUM/C
100 ## - MAIN ENTRY--AUTHOR NAME
Personal name KUMAR, PURUSHOTTAM
245 ## - TITLE STATEMENT
Title CONCISE GENERAL KNOWLEDGE
260 ## - PUBLICATION, DISTRIBUTION, ETC. (IMPRINT)
Place of publication DELHI
Name of publisher CL MEDIA
Year of publication 2018
520 ## - SUMMARY, ETC.
Summary, etc UNION BUDGET 2018-19/ 2017 AT A GLSNCE, GENERAL AWARENESS, INDIAN HISTORY, GEOGRAPHY, INDIAN POLITY, INDIAN ECONOMY, SCIENCE AND TECHNOLOGY, SPORTS
650 ## - SUBJECT ADDED ENTRY--TOPICAL TERM
Topical Term GENERAL KNOWLEDGE
Geographic subdivision INDIA
942 ## - ADDED ENTRY ELEMENTS (KOHA)
Koha item type Books
Holdings
Withdrawn status Lost status Collection code Home library Current library Shelving location Date acquired Source of acquisition Cost, normal purchase price Full call number Accession Number Koha item type
    G.K Main Library Main Library SHELF-17B-- G.K RELATED QUIZ BOOK 16/10/2018 purchase 40.00 001 KUM/C 10266 Books